[Event "AUT-chT2W 2122"]
[Site "Austria"]
[Date "2022.03.13"]
[Round "11.4"]
[White "Lerch, Johannes"]
[Black "Lomsadze, Irakly"]
[Result "0-1"]
[WhiteElo "2153"]
[BlackElo "2096"]
[PlyCount "108"]
[EventDate "2021.10.15"]
[EventType "team-tourn"]
[EventRounds "11"]
[EventCountry "AUT"]
[SourceTitle "EXT 2023"]
[Source "ChessBase"]
[SourceDate "2022.10.05"]
[SourceVersion "1"]
[SourceVersionDate "2022.10.05"]
[SourceQuality "1"]
[WhiteTeam "Jenbach II"]
[BlackTeam "Salzburg Royal"]
[WhiteTeamCountry "AUT"]
[BlackTeamCountry "AUT"]

1. e4 c5 2. Nf3 Nc6 3. Bb5 g6 4. 0-0 Bg7 5. Nc3 e5 6. a3 Nge7 7. b4 cxb4 8. axb4 d5 9. d3 d4 10. Nb1 0-0 11. Bc4 Nxb4 12. Ba3 Nec6 13. Nbd2 Re8 14. Qb1 Bf8 15. Qb3 Qe7 16. Rfb1 a5 17. h4 Be6 18. Ng5 Bxc4 19. Nxc4 h6 20. Nf3 Qe6 21. Bxb4 Bxb4 22. Nb6 Qxb3 23. Rxb3 Rad8 24. Nd5 Kg7 25. h5 Rb8 26. hxg6 fxg6 27. Nxb4 axb4 28. Rb2 Ra8 29. Rba2 Rxa2 30. Rxa2 Kf6 31. Nd2 g5 32. Nc4 Ke6 33. Nb6 Kd6 34. Nd5 Rf8 35. Kf1 h5 36. Ke2 h4 37. Ra1 Kc5 38. f3 Rf7 39. Ra8 Rg7 40. Rh8 b6 41. Rc8 b3 42. cxb3 Ra7 43. Rg8 Ra2+ 44. Kf1 Rb2 45. Rxg5 Rxb3 46. Ke2 Rb2+ 47. Kd1 b5 48. Kc1 Rf2 49. f4 exf4 50. Nc7+ Kb6 51. Nxb5 f3 52. gxf3 h3 53. Rh5 h2 54. Na3 Rf1+ 0-1